LEADER 01051nam a2200253 i 4500 001 000000150364 003 CaOOAMICUS 005 20181102105437.0 008 060519s1980 it u000 u ita u 013 $a127702 040 $aSeMil$bita 245 10$aVita bizantina di Barlaam e Joasaf /$cIntroduzione, versione italiana, note e repertorio biblico a cura di Silvia Ronchey e Paolo Cesaretti. 260 $aMilano :$bRusconi,$c1980. 300 $a313 p., [8] p. di tav. ;$c22 cm. 490 0 $aLe saghe [Rusconi] 700 1 $aCesaretti, Paolo <1957- >.$0(OLS)http://semarc/name/92901 700 1 $aRonchey, Silvia,$d<1958- >.$0(OLS)http://semarc/name/8511 830 3$aLe saghe.$0(OLS)http://semarc/title/419671 850 $aSeMil 852 $aSeMil$W1$xVenegono$y1$m72 60 1 *$j102510$B102510$CSeMilBibl$Z2$F111328 $81 961 $aAcquisto: Di Mano in Mano 996 $6245$aVita bizantina di Barlaam e Joasaf$9(OLS)http://semarc/title/219895 996 $6260$aMilano :$bRusconi$9(OLS)http://semarc/publisher/30258 LEADER 00958nam a2200229 i 4500 001 000000042653 003 CaOOAMICUS 005 20090724000000.0 008 090724s1928 fr u000 u fre u 013 $a13823 040 $aSeMil$bita 100 1 $aGrandmaison, Léonce : de,$c.$0(OLS)http://semarc/name/5518 245 13$aLe dogme chrètien :$bsa nature, ses formules, son développement /$cLéonce de Grandmaison. 250 $a2. éd. 260 $aParis :$bG. Beauchesne,$c1928. 300 $aVI, 332 p. ;$c19 cm. 650 4$aDogma.$0(OLS)http://semarc/subject/545 650 4$aDogma - Storia - Origini.$0(OLS)http://semarc/subject/9098 850 $aSeMil 852 $aSeMil$W1$xVenegono$y1$m2B I 140$j8808$B8808$CSeMilBibl$Z2$F8808 $81 996 $6245$aLe dogme chrètien :$bsa nature, ses formules, son développement$9(OLS)http://semarc/title/62286 996 $6260$aParis :$bG. Beauchesne$9(OLS)http://semarc/publisher/35308